ბათუმის შოთა რუსთაველის სახელმწიფო უნივერსიტეტის ბიბლიოთეკა

გლობალური ბიზნესი = Global Business : (ბიბ.ჩანაწერი № 41519)

000 -ლიდერი
ფიქსირებული სიგრძის საკონტროლო ველი 01391nam a2200265Ia 4500
001 - საკონტროლო ნომერი
საკონტროლო ველი 8186
003 - საკონტროლო ნომრის იდენტიფიკატორი
საკონტროლო ველი GE_BSU
005 - ბოლო ოპერაციის თარიღი და დრო
საკონტროლო ველი 20240402172601.0
008 - ფიქსირებული სიგრძის მონაცემთა ელემენტები - ზოგადი ინფორმაცია
ფიქსირებული სიგრძის საკონტროლო ველი 181216s2010||||ge |||||||||||||| ||geo||
020 ## - წიგნის საერთაშორისო სტანდარტული ნომერი
International Standard Book Number 9992855277
040 ## - კატალოგიზაციის წყარო
Transcribing agency GE_BSU
041 ## - ენის კოდი
Language code of text/sound track or separate title geo
080 ## - უნივერსალური ათობითი კლასიფიკაციის ინდექსი
Universal Decimal Classification number 338.22(075.8) შ–48
100 ## - მთავარი ჩანაწერი - პიროვნების სახელი
Personal name შენგელია, თეიმურაზ
9 (RLIN) 21691
245 ## - ცნობა სათაურის შესახებ
Title გლობალური ბიზნესი = Global Business :
Remainder of title [სახელმძღვ. სტუდ.] /
Statement of responsibility, etc თეიმურაზ შენგელია ; [რედ. რევაზ გველესიანი].
264 ## - წარმოების, გამოცემის, დისტრიბუციის და სხვა ცნობები
გამოცემის, წარმოების, დისტრიბუციის... ადგილი თბილისი :
გამოცემის, წარმოების, დისტრიბუციის... სახელწოდება ახალი საქართველო,
გამოცემის, წარმოების, დისტრიბუციის... თარიღი 2010.
300 ## - ფიზიკური აღწერა
Extent 639 გვ . :
Other physical details ცხრ., ფოტო, ნახ. ;
Dimensions 24 სმ.
Accompanying material სქემები.
500 ## - ზოგადი შენიშვნა
General note ტერმინთა განმარტ. ლექსიკონი : გვ. 596-627
504 ## - BIBLIOGRAPHY, ETC. NOTE
Bibliography, etc ბიბლიოგრაფია გვ. 628-639
653 ## - INDEX TERM--UNCONTROLLED
Uncontrolled term გლობალური ბიზნესი=Global Business
653 ## - INDEX TERM--UNCONTROLLED
Uncontrolled term ბიზნესი -- სახელმძღვანელოები უმაღლესი სასწავლებლებისათვის
700 ## - ADDED ENTRY--PERSONAL NAME
Personal name გველესიანი, რევაზ
Relator term რედაქტორი
9 (RLIN) 3195
942 ## - ADDED ENTRY ELEMENTS (KOHA)
Koha item type წიგნი
Source of classification or shelving scheme
ეგზემპლარები
ჩამოწერის სტატუსი დაკარგული ეგზემპლარის სტატუსი კლასიფიკაციის წყარო ან თაროზე გაწყობის სქემა დაზიანების სტატუსი არ გაიცემა მუდმივი მდებარეობა (დაცვის ადგილი) ამჟამინდელი ადგილსამყოფელი თაროზე განთავსების ადგილი შეძენის თარიღი ღირებულება, შესყიდვის ნორმალური ფასი სრული შენახვის შიფრი შტრიხკოდი ბოლო ოპერაციის თარიღი ეგზემპლარის მიმდევრობითი ნომერი (კეტერი?) ფასის ძალაში შესვლის თარიღი ეგზემპლარის სახეობა საჯარო შენიშვნა
          ბათუმის შოთა რუსთაველის სახელმწიფო უნივერსიტეტის მთავარი ბიბლიოთეკა ბათუმის შოთა რუსთაველის სახელმწიფო უნივერსიტეტის მთავარი ბიბლიოთეკა წიგნსაცავი 2018-12-17 25.00 338.22(075.8) შ–48 26495 2018-12-17 26495 2018-12-17 წიგნი 25
          ბათუმის შოთა რუსთაველის სახელმწიფო უნივერსიტეტის მთავარი ბიბლიოთეკა ბათუმის შოთა რუსთაველის სახელმწიფო უნივერსიტეტის მთავარი ბიბლიოთეკა წიგნსაცავი 2018-12-17 25.00 338.22(075.8) შ–48 26496 2018-12-17 26494 2018-12-17 წიგნი 25.00 ₾.
          ბათუმის შოთა რუსთაველის სახელმწიფო უნივერსიტეტის მთავარი ბიბლიოთეკა ბათუმის შოთა რუსთაველის სახელმწიფო უნივერსიტეტის მთავარი ბიბლიოთეკა წიგნსაცავი 2018-12-17 25.00 338.22(075.8) შ–48 26497 2018-12-17 26497 2018-12-17 წიგნი 25.00 ₾.
          ბათუმის შოთა რუსთაველის სახელმწიფო უნივერსიტეტის მთავარი ბიბლიოთეკა ბათუმის შოთა რუსთაველის სახელმწიფო უნივერსიტეტის მთავარი ბიბლიოთეკა წიგნსაცავი 2018-12-17 25.00 338.22(075.8) შ–48 26498 2018-12-17 26498 2018-12-17 წიგნი 25.00 ₾.
          ბათუმის შოთა რუსთაველის სახელმწიფო უნივერსიტეტის მთავარი ბიბლიოთეკა ბათუმის შოთა რუსთაველის სახელმწიფო უნივერსიტეტის მთავარი ბიბლიოთეკა წიგნსაცავი 2018-12-17 25.00 338.22(075.8) შ–48 26499 2018-12-17 26499 2018-12-17 წიგნი 25.00 ₾.